| 000 | 00594nam a22001937a 4500 | ||
|---|---|---|---|
| 082 | _aP-845 | ||
| 100 |
_aAsghar, Saad _951893 |
||
| 245 | _aOccupancy Enhancement of Residential Block at MCE Staging Post Abbottabad Using LGS Techniques | ||
| 260 |
_aRisalpur, _bMCE, _c2020. |
||
| 300 | _a69 pages.; | ||
| 526 |
_a0 _b0 _c0 |
||
| 650 |
_aTransportation _bSyn-8 _951894 |
||
| 700 |
_aAmin Ullah _951895 |
||
| 700 |
_aShehryar Malik _951896 |
||
| 700 |
_aSupervisor Dr Adeel Zafar _936003 |
||
| 700 |
_aSyed Ali Hasan Gillani _951897 |
||
| 700 |
_aSyed Turab Abbas _951898 |
||
| 942 |
_2ddc _cBK |
||
| 999 |
_c554396 _d554396 |
||